Η αξιοποίηση των τρισδιάστατων γραφικών στην ανάδειξη και ερμηνεία των αρχαιολογικών μνημείων και ευρημάτων : η τρισδιάστατη απεικόνιση του Ιερού του Μίθρα στο Αίγιο Αχαϊας : μεταπτυχιακή διατριβή
Αποθηκεύτηκε σε:
| Κύριος συγγραφέας: | |
|---|---|
| Συγγραφή απο Οργανισμό/Αρχή: | |
| Άλλοι συγγραφείς: | , |
| Μορφή: | Thesis Βιβλίο |
| Γλώσσα: | Greek |
| Δημοσίευση: |
2011
|
| Θέματα: | |
| Διαθέσιμο Online: | http://hdl.handle.net/11610/16070 |
| Ετικέτες: |
Προσθήκη ετικέτας
Δεν υπάρχουν, Καταχωρήστε ετικέτα πρώτοι!
|
MARC
| LEADER | 00000cam a2200000 i 4500 | ||
|---|---|---|---|
| 001 | 1/21177 | ||
| 008 | 120625s2011 gre d | ||
| 035 | |l 10112829 | ||
| 040 | |a GR-MY-UA |b gre |e aacr | ||
| 041 | 0 | |a gre | |
| 082 | 0 | |a 006.78 |2 (22) | |
| 100 | 1 | |a Πολυμεροπούλου, Παναγιώτα. | |
| 245 | 1 | 2 | |a Η αξιοποίηση των τρισδιάστατων γραφικών στην ανάδειξη και ερμηνεία των αρχαιολογικών μνημείων και ευρημάτων : |b η τρισδιάστατη απεικόνιση του Ιερού του Μίθρα στο Αίγιο Αχαϊας : μεταπτυχιακή διατριβή / |c Παναγιώτα Πολυμεροπούλου ; επιβλέπουσα καθηγήτρια: Αλεξάνδρα Μπούνια, συνεπιβλέποντες καθηγητές: Ευαγγελία Καβακλή, Ευάγγελος Χριστοδούλου (επιστημονικός συνεργάτης) |
| 260 | |c 2011 | ||
| 300 | |a 131 σ.; |b εικ.; |c 30 εκ. | ||
| 500 | |a Βιβλιογραφία: σ. 128-131 | ||
| 502 | |a Διατριβή (μεταπτυχιακή) – Πανεπιστήμιο Αιγαίου, Λέσβος, 2011. | ||
| 650 | 0 | 0 | |a Computer graphics. |
| 650 | 0 | 0 | |a Three-dimensional imaging. |
| 650 | 0 | 0 | |a Archaeology |x Computer simulation. |
| 650 | 0 | 0 | |a Virtual reality in archaeology. |
| 650 | 0 | 0 | |a Dissertations, Academic |z Greece. |
| 700 | 1 | |a Μπούνια, Αλεξάνδρα. |4 ths | |
| 700 | 1 | |a Καβακλή, Ευαγγελία. |4 ths | |
| 710 | 2 | |a Πανεπιστήμιο Αιγαίου. |b Σχολή Κοινωνικών Επιστημών. |b Τμήμα Πολιτισμικής Τεχνολογίας και Επικοινωνίας. |b Πρόγραμμα Μεταπτυχιακών Σπουδών Πολιτισμική Πληροφορική και Επικοινωνία. | |
| 852 | |a INST |b LESVOS |c DIATR |e 20120625 |h 365 |p 005100052254 |q 005100052254 |t MTXE |y 23 | ||
| 852 | |a INST |b LESVOS |c DIATR |e 20120625 |h 366 |p 005100052253 |q 005100052253 |t MTXE |y 23 | ||
| 856 | |u http://hdl.handle.net/11610/16070 | ||
| 901 | |a BIBL1-2012-2 | ||
| 909 | |a Λ |b 173633 | ||
| 909 | |a Λ |b 175031 | ||
| 924 | |a ΠΟΛΥΜΕΡΟΠΟΥΛΟΥ |b ΠΑΝΑΓΙΩΤΑ |y ΛΕΣΒΟΣ |z 2011-02 | ||
| 970 | |a ΤΖΑΦΕΡΗ |b ΕΥΑΓΓΕΛΙΑ |z 2012/06/25 | ||